000 00517nam a2200157 4500
001 133372
003 ES-MaACL
005 20230906194405.0
007 t|
008 070214s1945 ag r ||||1| spa d
100 1 _aRueda, Julio V.
_9100510
245 1 0 _aConversión de radiorreceptores
_b: reemplazos de válvulas y reparaciones de emergencia /
_cpor el Ing. Julio V. Rueda.
260 _aBuenos Aires :
_bAlbatros,
_c1945.
300 _a333 p., 10 lám. :
_bil. ;
_c24 cm.
852 _aES-MaACL
_jC-3913
_bR.23622
999 _c133372
_d133372